[Event "Caplin chGBR Women Online"]
[Site "chess.com INT"]
[Date "2020.12.27"]
[Round "4.1"]
[White "Arakhamia-Grant, Ketevan"]
[Black "Emelianova, Maria"]
[Result "1-0"]
[WhiteTitle "GM"]
[BlackTitle "WFM"]
[WhiteElo "2380"]
[BlackElo "2113"]
[WhiteFideId "13600168"]
[BlackFideId "4196961"]
[EventDate "2020.12.21"]

1. e4 c5 2. Nf3 Nc6 3. Nc3 d6 4. d4 cxd4 5. Nxd4 g6 6. Be3 Bg7 7. Qd2 Nf6 8. f3
a6 9. O-O-O O-O 10. g4 Ne5 11. Bh6 b5 12. Bxg7 Kxg7 13. g5 Nh5 14. f4 Nc4 15.
Bxc4 bxc4 16. f5 Bb7 17. Nd5 Bxd5 18. exd5 Qd7 19. Rhf1 Rab8 20. Nc6 Rb5 21.
Nxe7 f6 22. Nc6 Qb7 23. Qc3 Rf7 24. Nd8 Qd7 25. Nxf7 Qxf7 26. fxg6 hxg6 27. Qxc4
Qb7 28. Qd4 Rb4 29. Qc3 Rb5 30. Rxf6 Nxf6 31. Qxf6+ Kg8 32. Qxg6+ Qg7 33. Qxg7+
Kxg7 34. c4 Ra5 35. Kb1 Kg6 36. h4 Rc5 37. b3 Kh5 38. Rd4 Rc8 39. Kb2 1-0

[Event "Caplin chGBR Women Online"]
[Site "chess.com INT"]
[Date "2020.12.27"]
[Round "4.2"]
[White "Varney, Zoe"]
[Black "Catabay, Mae Katelyn Rose"]
[Result "1-0"]
[WhiteElo "1917"]
[BlackElo "1215"]
[WhiteFideId "436135"]
[BlackFideId "484768"]
[EventDate "2020.12.21"]

1. e4 c5 2. Nf3 d6 3. c3 Nf6 4. Be2 Nxe4 5. Qa4+ Nc6 6. Qxe4 g6 7. Bb5 Bd7 8. d4
cxd4 9. Nxd4 Rc8 10. Be3 Bg7 11. O-O O-O 12. Nxc6 Bxc6 13. Bxc6 bxc6 14. Bxa7 c5
15. Na3 Qa5 16. Qb7 Rc7 17. Bb6 Rxb7 18. Bxa5 Ra8 19. b4 Bxc3 20. Rad1 cxb4 21.
Nc4 Rc8 22. Nb6 Rc5 23. Rd5 Rxd5 24. Nxd5 Rb5 25. Nxc3 Rxa5 26. Ne4 Rxa2 27. Rb1
b3 28. f3 b2 29. Kf2 Kg7 30. Ke2 f5 31. Nc3 Ra3 32. Nd1 Rb3 33. Rxb2 Rxb2+ 34.
Nxb2 Kf6 35. Ke3 e5 36. g3 d5 37. Kd3 Kg5 38. Ke3 d4+ 39. Kd3 h5 40. Nc4 Kf6 41.
h4 Ke6 42. f4 e4+ 43. Kxd4 Kf6 44. Kd5 Ke7 45. Ke5 Kf7 46. Ne3 Ke7 47. Nd5+ Kf7
48. Kd6 Kf8 49. Ke6 Kg7 50. Ke7 Kh7 51. Kf6 Kh6 52. Kf7 Kh7 53. Nf6+ Kh6 54. Nd7
e3 55. Ne5 e2 56. Nf3 Kh7 57. Kf6 Kh6 58. Ke5 Kg7 59. Kd4 Kf6 60. Ke3 1-0

[Event "Caplin chGBR Women Online"]
[Site "chess.com INT"]
[Date "2020.12.27"]
[Round "4.6"]
[White "Smith, Olivia"]
[Black "Oh, Julie"]
[Result "1-0"]
[WhiteTitle "WFM"]
[WhiteElo "2012"]
[BlackElo "1168"]
[WhiteFideId "411850"]
[BlackFideId "479799"]
[EventDate "2020.12.21"]

1. Nf3 c5 2. g3 e6 3. Bg2 d5 4. O-O Nc6 5. d3 Qc7 6. e4 d4 7. Nbd2 Nf6 8. a4 e5
9. h3 Be6 10. Ng5 Bd7 11. Nc4 h6 12. Nf3 Bd6 13. Nfxe5 Nxe5 14. Nxe5 Bxe5 15. f4
Bxf4 16. Bxf4 Qc8 17. Kh2 O-O 18. Bxh6 Ng4+ 19. hxg4 gxh6 20. Rf6 Kg7 21. Qf3
Be6 22. Qf4 Rh8 23. Rf1 Qd7 24. Kg1 Rag8 25. Qe5 Kh7 26. g5 hxg5 27. Kf2 Rg7 28.
Rh1+ Kg8 29. Rxh8+ Kxh8 30. Qxc5 b6 31. Qf8+ Kh7 32. e5 Qc8 33. Be4+ Rg6 34.
Rxf7+ Bxf7 35. Qxc8 Kg7 36. Bxg6 Kxg6 37. e6 Kf6 38. exf7 Kxf7 39. Qd7+ Kf6 40.
Qxd4+ Kf5 41. Qe4+ Kf6 42. d4 a6 43. d5 b5 44. axb5 axb5 45. d6 Kf7 46. d7 b4
47. d8=Q b3 48. Qde7+ Kg8 49. Q4e6+ Kh8 50. Q6f6+ Kg8 51. Qfg7# 1-0

[Event "Caplin chGBR Women Online"]
[Site "chess.com INT"]
[Date "2020.12.28"]
[Round "5.1"]
[White "Varney, Zoe"]
[Black "Arakhamia-Grant, Ketevan"]
[Result "0-1"]
[BlackTitle "GM"]
[WhiteElo "1917"]
[BlackElo "2380"]
[WhiteFideId "436135"]
[BlackFideId "13600168"]
[EventDate "2020.12.21"]

1. e4 c5 2. c3 d5 3. exd5 Qxd5 4. d4 Nf6 5. Nf3 e6 6. Na3 Qd8 7. Bf4 Nc6 8. dxc5
Nd5 9. Bd6 Bxd6 10. cxd6 Qxd6 11. Nb5 Qe7 12. c4 a6 13. cxd5 exd5+ 14. Be2 axb5
15. O-O O-O 16. Bxb5 Bg4 17. h3 Bxf3 18. Qxf3 Nd4 19. Qd3 Qb4 20. a3 Qxb5 21.
Qxd4 Rac8 22. Rfd1 Rc2 23. Rd2 Rfc8 24. Rad1 h6 25. Rxc2 Rxc2 26. Rd2 Rxd2 27.
Qxd2 Qc4 28. f3 Kf8 29. Kf2 Ke7 30. Qe2+ Kd6 31. Qxc4 dxc4 32. Ke3 Kd5 33. f4 b5
34. g3 f5 35. g4 g6 36. g5 h5 37. h4 Kc5 38. Kd2 Kd4 39. Kc2 Ke4 40. Kc3 Kxf4
41. Kb4 Kg3 42. Kxb5 f4 43. a4 f3 44. a5 f2 45. a6 f1=Q 46. a7 c3+ 47. Kb6 Qf2+
48. Kb7 Qxa7+ 49. Kxa7 cxb2 0-1

[Event "Caplin chGBR Women Online"]
[Site "chess.com INT"]
[Date "2020.12.29"]
[Round "6.1"]
[White "Arakhamia-Grant, Ketevan"]
[Black "Arora, Tashika"]
[Result "1-0"]
[WhiteTitle "GM"]
[WhiteElo "2380"]
[BlackElo "1744"]
[WhiteFideId "13600168"]
[BlackFideId "459305"]
[EventDate "2020.12.21"]

1. e4 c5 2. Nf3 d6 3. Bb5+ Bd7 4. Bxd7+ Qxd7 5. O-O Nf6 6. Re1 Nc6 7. c3 e6 8.
d3 Be7 9. Nbd2 O-O 10. a4 Qc7 11. Nf1 d5 12. e5 Nd7 13. Bf4 Rfd8 14. h4 a6 15.
h5 b5 16. N1h2 Rab8 17. axb5 axb5 18. Ng4 c4 19. d4 b4 20. h6 g6 21. Qd2 Na5 22.
Bg5 Nb3 23. Qf4 Nb6 24. Ra6 bxc3 25. bxc3 Rb7 26. Nf6+ Kh8 27. Nxh7 Kg8 28. Bxe7
Qxe7 29. Nf6+ Kh8 30. Ng5 Na8 31. h7 Rc8 32. Ng8 Qf8 33. Nh6 Qg7 34. Nhxf7+ Rxf7
35. Nxf7+ Kxh7 36. Ng5+ Kg8 37. Nxe6 Qe7 38. Ng5 Qg7 39. Rf6 Nc7 40. Rf7 Qh6 41.
Qg4 Rf8 42. Rh7 Qxh7 43. Nxh7 Kxh7 44. Qd7+ Kg8 45. Qxc7 Rf7 46. Qd8+ Kg7 47.
Qxd5 Rc7 48. e6 Re7 49. Qe5+ Kf8 50. Qh8# 1-0

[Event "Caplin chGBR Women Online"]
[Site "chess.com INT"]
[Date "2020.12.29"]
[Round "6.2"]
[White "Ciuksyte, Dagne"]
[Black "Varney, Zoe"]
[Result "1-0"]
[WhiteTitle "IM"]
[WhiteElo "2294"]
[BlackElo "1917"]
[WhiteFideId "12800619"]
[BlackFideId "436135"]
[EventDate "2020.12.21"]

1. e4 e5 2. Nf3 Nc6 3. Bb5 Nf6 4. O-O Nxe4 5. Re1 Nd6 6. Nxe5 Be7 7. Bf1 Nxe5 8.
Rxe5 O-O 9. d4 Bf6 10. Re1 Nf5 11. d5 d6 12. Nd2 g6 13. Ne4 Bg7 14. Bg5 f6 15.
Bd2 Ne7 16. Bc3 Bd7 17. a4 Qe8 18. Qd4 Rf7 19. Qc4 Rc8 20. a5 a6 21. Rad1 Bb5
22. Qb4 Bxf1 23. Kxf1 Rb8 24. Bd4 Qb5+ 25. Qxb5 axb5 26. Nxf6+ Bxf6 27. Bxf6
Nxd5 28. Rxd5 Rxf6 29. Rxb5 c6 30. Rb6 Rbf8 31. f3 R8f7 32. Re8+ Kg7 33. Rb8 1-0

[Event "Caplin chGBR Women Online"]
[Site "chess.com INT"]
[Date "2020.12.29"]
[Round "6.3"]
[White "Kanyamarala, Trisha"]
[Black "Pert, Nina"]
[Result "0-1"]
[WhiteTitle "WIM"]
[WhiteElo "2180"]
[BlackElo "1537"]
[WhiteFideId "45004722"]
[BlackFideId "456853"]
[EventDate "2020.12.21"]

1. d4 d5 2. c4 e6 3. Nc3 c5 4. cxd5 cxd4 5. Qa4+ Bd7 6. Qxd4 exd5 7. Nf3 Nc6 8.
Qd1 Nf6 9. Bg5 Be6 10. e3 Bb4 11. Rc1 Bg4 12. Be2 O-O 13. O-O Bxc3 14. Rxc3 Qd6
15. Bxf6 Qxf6 16. Qxd5 Rad8 17. Qb5 Rd7 18. h3 a6 19. Qa4 Bh5 20. Qb3 Rfd8 21.
Rc5 Bg6 22. Qc3 Qe7 23. Ne5 Nxe5 24. Rxe5 Qh4 25. Bg4 Rd6 26. Qc7 h5 27. Bf3 Qf6
28. Rc5 R6d7 29. Qg3 Qxb2 30. Bxh5 Rd6 31. Qh4 Qb6 32. Re5 Rc8 33. Bxg6 Rxg6 34.
Rh5 Rh6 35. Rxh6 Qxh6 36. Qe7 Qc6 37. Rb1 b5 38. Rb4 Qc1+ 39. Kh2 Qc7+ 40. Qxc7
Rxc7 41. a4 Rc4 42. Rb2 Rxa4 43. Kg3 b4 44. Kf3 a5 45. Ke4 Kf8 46. Kd3 Ke7 47.
Kc4 Ra1 48. Kb3 Ke6 49. Rc2 Ra3+ 50. Kb2 Kd5 51. Rd2+ Kc6 52. Rc2+ Kb5 53. Rc7
a4 54. Rb7+ Ka5 55. Ra7+ Kb6 56. Rxf7 Rd3 57. Rf4 a3+ 58. Ka2 Ka5 59. Rf8 Ka6
60. Rb8 Rd2+ 61. Ka1 Ka5 62. Ra8+ Kb5 63. e4 Kc4 64. Rc8+ Kb3 65. Rc1 a2 66. e5
Ka3 67. Rb1 axb1=Q+ 68. Kxb1 b3 69. Kc1 Re2 0-1

[Event "Caplin chGBR Women Online"]
[Site "chess.com INT"]
[Date "2020.12.29"]
[Round "6.4"]
[White "Putar, Lara"]
[Black "Lampard, Alice"]
[Result "1-0"]
[WhiteElo "1930"]
[BlackElo "1763"]
[WhiteFideId "14546604"]
[BlackFideId "2402750"]
[EventDate "2020.12.21"]

1. d4 Nf6 2. c4 g6 3. Nf3 Bg7 4. g3 O-O 5. Bg2 d5 6. O-O c6 7. Nc3 Na6 8. b3 Be6
9. Ng5 Bf5 10. Bb2 dxc4 11. bxc4 Nb4 12. e4 Bg4 13. f3 Bc8 14. e5 Ne8 15. a3 Na6
16. f4 Nec7 17. g4 Ne6 18. Nxe6 Bxe6 19. d5 cxd5 20. cxd5 Bc8 21. Ne4 Qa5 22. f5
Nc7 23. f6 exf6 24. exf6 Bh8 25. d6 Nd5 26. Qd4 Qb6 27. Nc5 Be6 28. Nxe6 fxe6
29. Qxb6 Nxb6 30. Rac1 Rf7 31. Rc7 Rd8 32. Be5 Nd7 33. Bg3 Bxf6 34. Rxb7 Rdf8
35. Kh1 a5 36. Bc6 Rd8 37. g5 Bxg5 38. Rxf7 Kxf7 39. Rxd7+ Rxd7 40. Bxd7 Bc1 41.
a4 g5 42. Kg2 Bb2 43. Kf3 h5 44. h3 Kf6 45. Ke4 Bc3 46. Bf2 g4 47. hxg4 hxg4 48.
Bd4+ Bxd4 49. Kxd4 g3 50. Bc6 e5+ 51. Ke3 Ke6 52. d7 Ke7 53. Kf3 e4+ 54. Kxg3
Kd8 55. Kf4 Kc7 56. Kxe4 Kd8 57. Ke5 Kc7 58. Ke6 Kd8 59. Bb5 Kc7 60. Ke7 Kb7 61.
d8=Q Ka7 62. Qc7+ Ka8 63. Bc6# 1-0

[Event "Caplin chGBR Women Online"]
[Site "chess.com INT"]
[Date "2020.12.29"]
[Round "6.5"]
[White "Emelianova, Maria"]
[Black "Lowry-O'Reilly, Hannah"]
[Result "1-0"]
[WhiteTitle "WFM"]
[BlackTitle "WFM"]
[WhiteElo "2113"]
[BlackElo "1708"]
[WhiteFideId "4196961"]
[BlackFideId "2501597"]
[EventDate "2020.12.21"]

1. d4 d5 2. Bf4 Nf6 3. Nf3 c6 4. e3 Bf5 5. c4 e6 6. Nbd2 Be7 7. Qb3 Qc8 8. Bd3
Bxd3 9. Qxd3 Nbd7 10. O-O O-O 11. h3 Re8 12. c5 b6 13. b4 Bd8 14. Rfc1 bxc5 15.
bxc5 Bc7 16. Ne5 Nxe5 17. dxe5 Nd7 18. Nf3 f6 19. exf6 Bxf4 20. f7+ Kxf7 21.
exf4 Kg8 22. Ng5 Nf8 23. Re1 Qc7 24. g3 Rab8 25. Re5 h6 26. Nf3 Qa5 27. Rae1
Qxc5 28. f5 Re7 29. fxe6 Rbe8 30. Nd4 Qb6 31. Rb1 Qc7 32. Rbe1 c5 33. Nf5 Rxe6
34. Qxd5 Qf7 35. Nd6 Rxd6 36. Qxf7+ Kxf7 37. Rxe8 Rd7 38. R8e5 Rc7 39. Kg2 Ng6
40. Rf5+ Kg8 41. Rc1 c4 42. f4 Ne7 43. Re5 Kf7 44. Kf3 Nc8 45. a4 Nd6 46. Rd5
Nc8 47. Rd4 c3 48. Rd3 c2 49. Ke2 Nb6 50. Kd2 Nxa4 51. Rxc2 Re7 52. Ra3 Nb6 53.
Kd3 Rd7+ 54. Ke4 Re7+ 55. Kf5 g6+ 56. Kg4 Nd5 57. Rca2 Kf6 58. Rxa7 h5+ 59. Kh4
Ne3 60. R2a6+ Kf5 61. Ra5+ Kf6 62. R5a6+ Kf5 63. g4+ Kxf4 64. Ra4+ Re4 65. Rxe4+
Kxe4 66. Kg5 hxg4 67. hxg4 Kf3 68. Ra3 Ke4 69. Rxe3+ Kxe3 70. Kxg6 Kf4 71. g5
Kg4 72. Kf6 Kh5 73. g6 1-0

[Event "Caplin chGBR Women Online"]
[Site "chess.com INT"]
[Date "2020.12.29"]
[Round "6.6"]
[White "Posadas, Rayelynn"]
[Black "Smith, Olivia"]
[Result "0-1"]
[BlackTitle "WFM"]
[WhiteElo "1703"]
[BlackElo "2012"]
[WhiteFideId "473553"]
[BlackFideId "411850"]
[EventDate "2020.12.21"]

1. d4 Nf6 2. Nf3 g6 3. g3 Bg7 4. Bg2 O-O 5. O-O d6 6. c4 Nc6 7. Nc3 e5 8. e3 Re8
9. h3 h5 10. Re1 e4 11. Nd2 Bf5 12. a3 a5 13. b3 Qd7 14. Kh2 Re7 15. Bb2 Rae8
16. Qe2 Nd8 17. Rac1 b6 18. Rg1 Ne6 19. Nd5 Nxd5 20. cxd5 Ng5 21. h4 Nh7 22. Nb1
Nf6 23. Nc3 Kh7 24. Rge1 Bg4 25. Qf1 Qf5 26. Rc2 Bh6 27. Rec1 Bf3 28. Bh3 Bg4
29. Bg2 g5 30. hxg5 Bxg5 31. Ne2 h4 32. Nf4 hxg3+ 33. fxg3 Bxf4 34. gxf4 Nxd5
35. Qf2 Kg7 36. Kg1 Rh8 37. Qg3 Kf8 38. Kf2 Bf3 39. Rg1 Ke8 40. Bf1 Kd8 41. Bb5
Nf6 42. Rgc1 Ng4+ 43. Ke1 Qxb5 0-1

[Event "Caplin chGBR Women Online"]
[Site "chess.com INT"]
[Date "2020.12.30"]
[Round "7.1"]
[White "Putar, Lara"]
[Black "Arakhamia-Grant, Ketevan"]
[Result "0-1"]
[BlackTitle "GM"]
[WhiteElo "1930"]
[BlackElo "2380"]
[WhiteFideId "14546604"]
[BlackFideId "13600168"]
[EventDate "2020.12.21"]

1. d4 Nf6 2. c4 c5 3. d5 e5 4. Nc3 d6 5. e4 Be7 6. g3 Na6 7. Bg2 Nc7 8. f4 exf4
9. Bxf4 Ng4 10. Nf3 Bf6 11. O-O O-O 12. h3 Ne5 13. Nxe5 Bxe5 14. Bxe5 dxe5 15.
Qh5 f6 16. Rf2 Ne8 17. Raf1 Nd6 18. b3 Bd7 19. Qe2 a6 20. g4 h6 21. a4 Qa5 22.
Qe3 Qb4 23. Na2 Qa3 24. Re1 b5 25. axb5 axb5 26. Bf1 Rfb8 27. b4 cxb4 28. Qxa3
bxa3 29. c5 Nf7 30. c6 Be8 31. Rb1 Nd6 32. Rb4 Kf8 33. Nc3 Ke7 34. Ra2 Ra5 35.
Kf2 Kd8 36. Kf3 Kc7 37. Bd3 Bg6 38. h4 h5 39. Kg3 hxg4 40. Kxg4 Kb6 41. Ra1 Kc5
42. Na2 Ra4 43. Rab1 Rxb4 44. Rxb4 Ra8 45. Bc2 Rh8 46. Kg3 Bh5 47. Bd3 Ra8 48.
Rb1 Bg6 49. Kf3 Kb6 50. Rb4 Rh8 51. Kg3 Kc5 52. Kg4 Bh5+ 53. Kg3 Bd1 54. Rb1 Ba4
55. Rc1+ Kd4 56. Bb1 Bb3 57. Nb4 Bc4 58. Nc2+ Kc3 59. Nxa3+ Kb2 60. Nxc4+ bxc4
61. Rg1 Ra8 62. Kf2 Ra1 63. Rxg7 Rxb1 64. c7 c3 65. Ke3 c2 66. Rg2 Kc3 0-1

[Event "Caplin chGBR Women Online"]
[Site "chess.com INT"]
[Date "2020.12.30"]
[Round "7.2"]
[White "Pert, Nina"]
[Black "Ciuksyte, Dagne"]
[Result "1-0"]
[BlackTitle "IM"]
[WhiteElo "1537"]
[BlackElo "2294"]
[WhiteFideId "456853"]
[BlackFideId "12800619"]
[EventDate "2020.12.21"]

1. e4 e6 2. d4 d5 3. Nc3 Bb4 4. e5 c5 5. Bd2 Ne7 6. dxc5 O-O 7. Bd3 Nd7 8. Qg4
Bxc3 9. Bxc3 Nxc5 10. Nf3 Nxd3+ 11. cxd3 a5 12. h4 Bd7 13. h5 h6 14. Rh3 Rc8 15.
Qf4 b5 16. Nh4 b4 17. Bd4 Kh7 18. g4 Bb5 19. Rg3 Nc6 20. Nf3 g5 21. hxg6+ 1-0

[Event "Caplin chGBR Women Online"]
[Site "chess.com INT"]
[Date "2020.12.30"]
[Round "7.3"]
[White "Arora, Tashika"]
[Black "Kanyamarala, Trisha"]
[Result "0-1"]
[BlackTitle "WIM"]
[WhiteElo "1744"]
[BlackElo "2180"]
[WhiteFideId "459305"]
[BlackFideId "45004722"]
[EventDate "2020.12.21"]

1. d4 Nf6 2. c4 e6 3. g3 d5 4. Bg2 dxc4 5. Nf3 a6 6. Ne5 Bb4+ 7. Nc3 Nd5 8. Bd2
b5 9. O-O Bxc3 10. bxc3 O-O 11. a4 c6 12. Qc2 Bb7 13. Rfb1 Qc8 14. Qb2 Ra7 15.
Qa3 f6 16. Nf3 Ra8 17. Bc1 Nd7 18. Nd2 Rb8 19. e4 Nc7 20. Qb4 Ba8 21. Ba3 c5 22.
dxc5 Ne5 23. Qb2 Nd3 24. Qc2 Bc6 25. f4 Rd8 26. Bf1 f5 27. exf5 exf5 28. Bxd3
Rxd3 29. Qb2 Qe6 30. Re1 Qd5 31. Re2 Qh1+ 32. Kf2 Qxh2+ 33. Ke1 Qxg3+ 34. Kd1
Bf3 35. axb5 Bxe2+ 36. Kc2 Nxb5 37. Bb4 Rbd8 38. Nxc4 Qxf4 39. Qb3 Nd4+ 40. cxd4
Rxb3 41. Kxb3 Bxc4+ 42. Ka4 Qxd4 43. Re1 Qd7+ 44. Ka3 Qd3+ 45. Ka4 Qb3+ 46. Ka5
Rb8 47. Re8+ Rxe8 48. Kb6 Qxb4+ 49. Kc6 Qb5+ 50. Kd6 Re6+ 51. Kc7 Qc6+ 52. Kb8
Re8+ 53. Ka7 Ra8# 0-1

[Event "Caplin chGBR Women Online"]
[Site "chess.com INT"]
[Date "2020.12.30"]
[Round "7.4"]
[White "Smith, Olivia"]
[Black "Emelianova, Maria"]
[Result "1-0"]
[WhiteTitle "WFM"]
[BlackTitle "WFM"]
[WhiteElo "2012"]
[BlackElo "2113"]
[WhiteFideId "411850"]
[BlackFideId "4196961"]
[EventDate "2020.12.21"]

1. Nf3 Nf6 2. g3 g6 3. Bg2 Bg7 4. O-O O-O 5. d3 d5 6. Nbd2 c5 7. e4 d4 8. a4 Nc6
9. Nc4 Bg4 10. h3 Be6 11. b3 a6 12. Ng5 Bxc4 13. bxc4 e5 14. f4 Nh5 15. Kh2 Bh6
16. h4 Qe7 17. f5 Nd8 18. Bh3 Re8 19. Rb1 f6 20. Nf3 Bxc1 21. Qxc1 Kh8 22. Bg4
Nf7 23. fxg6 hxg6 24. Bxh5 gxh5 25. Rb6 Rg8 26. Ng1 Rg6 27. Qd1 Rag8 28. Qxh5+
Rh6 29. Qf5 Nd6 30. Qf2 Nc8 31. Rxf6 Rh7 32. Rf7 1-0

[Event "Caplin chGBR Women Online"]
[Site "chess.com INT"]
[Date "2020.12.30"]
[Round "7.5"]
[White "Lampard, Alice"]
[Black "Varney, Zoe"]
[Result "1-0"]
[WhiteElo "1763"]
[BlackElo "1917"]
[WhiteFideId "2402750"]
[BlackFideId "436135"]
[EventDate "2020.12.21"]

1. e4 e5 2. Bc4 Nc6 3. Nf3 Bc5 4. d3 Nf6 5. c3 a6 6. a4 d6 7. h3 h6 8. O-O Ba7
9. b4 O-O 10. Nbd2 Re8 11. Qc2 Be6 12. Bxe6 Rxe6 13. Re1 Qd7 14. Nf1 Ree8 15.
Be3 Bxe3 16. Nxe3 Ne7 17. Rad1 Ng6 18. Nf1 Nf4 19. d4 Qe6 20. d5 Qd7 21. Ng3
N6h5 22. Nxh5 Nxh5 23. c4 g5 24. Nh2 Nf4 25. Ng4 Kg7 26. Kh2 h5 27. Ne3 h4 28.
Nf5+ Kg6 29. g3 hxg3+ 30. fxg3 Nh5 31. Rf1 Rh8 32. Qe2 Rh7 33. Qg4 Nf6 34. Nh4+
Rxh4 35. Rxf6+ Kxf6 36. Qxd7 Rh7 37. Rf1+ Kg6 38. Qxc7 Rah8 39. Qxd6+ Kg7 40.
Qf6+ Kf8 41. Qd8+ Kg7 42. Qxg5+ Kf8 43. h4 1-0